[Event "ICS Rated blitz match"]
[Site "207.99.5.190"]
[Date "1999.03.09"]
[Round "?"]
[White "Diepeveen"]
[Black "Hossa"]
[Result "1-0"]
[WhiteElo "2358"]
[BlackElo "2419"]
[Annotator "Crafty v16.5"]
[PlyCount "104"]

{annotating for player Hossa using a scoring margin of +0.10 pawns. search
time limit is 20.00} 1. e4 1... e5 2. Nf3 Nc6 3. c4 Nf6 4. Nc3 Bb4 ({9:-0.55} 
4... Bb4 5. d3 Bxc3+ 6. bxc3 a6 7. Rb1 O-O 8. Be2 b5 9. Ba3 9... d6 $14) ({
9:-0.43} 4... d6 5. d3 Bg4 6. Bg5 Bxf3 7. Qxf3 Nd4 8. Qd1 Rg8 9. Be2 $14) 5. d3
Bxc3+ 6. bxc3 O-O ({9:-0.77} 6... O-O 7. Be2 a6 8. a4 b6 9. O-O Bb7 10. Bg5
10... Qe7 $16) ({9:-0.64} 6... Ng8 7. Bg5 Nge7 8. Nh4 Rg8 9. Be2 f6 10. Be3
10... Ng6 $14) 7. g3 d6 8. h3 Nd7 ({9:+0.14} 8... Nd7 9. g4 Ne7 10. Bg2 c6 11.
Ba3 Qa5 12. Bb4 12... Qc7 $10) ({9:+0.29} 8... Ne8 9. g4 a6 10. Bg5 Nf6 11. Be3
Be6 12. Rb1 12... Rb8 $10) 9. g4 Nf6 ({9:-0.11} 9... Nf6 10. Bg2 a6 11. a4 Qe7
12. O-O Be6 13. Bg5 13... Rad8 $10) ({9:+0.06} 9... Ne7 10. Bg2 c6 11. Ba3 Qc7
12. Qd2 b5 13. Qg5 13... Nb6 $10) 10. Nh2 Rb8 11. a4 Be6 12. Bg2 Ne7 13. O-O
Ng6 14. Rb1 Nh4 15. Rb2 Nxg2 ({8:-0.31} 15... Nxg2 16. Kxg2 c6 17. Be3 b6 18.
Nf3 Qe7 19. Qe2 19... Rbd8 $14) ({8:-0.07} 15... c6 16. Nf3 Nxg2 17. Kxg2 d5
18. exd5 cxd5 19. Nxe5 dxc4 20. Nxc4 Bxc4 21. dxc4 $10) 16. Kxg2 Nxe4 17. dxe4
Bxc4 18. Re1 Qd7 19. Be3 Qc6 20. f3 d5 21. exd5 Bxd5 22. Qe2 f5 23. Qb5 fxg4
24. Qxc6 gxh3+ 25. Kxh3 Bxc6 26. Kg3 Rbd8 27. Rd2 Rxd2 28. Bxd2 Rf5 29. a5 Kf7
30. c4 a6 31. Re3 h5 32. Kf2 e4 33. Kg3 exf3 34. Nxf3 Rxf3+ 35. Rxf3+ Bxf3 36.
Kxf3 Kg6 37. Bf4 c6 38. Ke4 Kf6 39. Be5+ Kg6 40. Kd4 h4 41. Kc5 Kf5 42. Bc7 Ke4
43. Kb6 Kd4 44. Kxb7 Kc5 45. Kxa6 g5 46. Kb7 Kxc4 47. a6 Kd5 48. a7 Ke4 49.
a8=Q c5 50. Kb6+ Ke3 51. Kxc5 Kf2 52. Kd4 h3 1-0

[Event "ICS rated standard match"]
[Site "207.99.5.190"]
[Date "1999.03.09"]
[Round "?"]
[White "Hossa"]
[Black "TINMAN"]
[Result "1-0"]
[WhiteElo "2167"]
[BlackElo "1872"]
[PlyCount "67"]

1. e4 g5 2. d3 Bg7 3. Nc3 c5 4. Bxg5 Qb6 5. Qc1 d6 6. Nf3 Nc6 7. Nd5 Qa5+ 8.
Qd2 Qd8 9. O-O-O h6 10. Bh4 Be6 11. Qf4 Qa5 12. Be2 O-O-O 13. a3 b5 14. Qg3 Be5
15. Nxe5 Nxe5 16. Bxe7 Nxe7 17. Nxe7+ Kd7 18. f4 Nxd3+ 19. Qxd3 Kxe7 20. Qxb5
Qc7 21. f5 Bd7 22. Qd3 Bc6 23. Qc4 Rhf8 24. Bf3 Rd7 25. Rhe1 Kd8 26. Qc3 Kc8
27. Qf6 Kb8 28. h3 Ka8 29. Qxh6 Rb8 30. Re3 c4 31. Qf6 Qb6 32. Qc3 Rdb7 33.
Rxd6 Qc7 34. Rxc6 {TINMAN resigns} 1-0

[Event "ICS rated blitz match"]
[Site "207.99.5.190"]
[Date "1999.03.09"]
[Round "?"]
[White "Hossa"]
[Black "marik"]
[Result "1-0"]
[WhiteElo "2405"]
[BlackElo "2177"]
[PlyCount "57"]

1. e4 d5 2. exd5 Nf6 3. Bb5+ Nbd7 4. c4 a6 5. Ba4 b5 6. cxb5 Nxd5 7. Nc3 Nb4 8.
d4 e5 9. dxe5 Bc5 10. a3 axb5 11. axb4 Bxf2+ 12. Kxf2 bxa4 13. Qg4 O-O 14. Bh6
g6 15. Bxf8 Nxe5 16. Qe4 Ng4+ 17. Kg3 Qxf8 18. Qf4 Ra6 19. Qxc7 h5 20. Nf3 Rf6
21. Nd5 Re6 22. Rxa4 g5 23. Ra8 h4+ 24. Kxg4 Re4+ 25. Kh5 Bg4+ 26. Kxg5 Qxa8
27. Nf6+ Kg7 28. Nxe4 Qxe4 29. Qe5+ {marik resigns} 1-0

[Event "ICS rated standard match"]
[Site "207.99.5.190"]
[Date "1999.03.09"]
[Round "?"]
[White "CHEVYMAN17"]
[Black "Hossa"]
[Result "1-0"]
[WhiteElo "2269"]
[BlackElo "2172"]
[Annotator "Crafty v16.5"]
[PlyCount "57"]

{annotating for player Hossa using a scoring margin of +0.10 pawns. search
time limit is 20.00} 1. Nf3 1... Nc6 2. e4 Nf6 3. e5 Ng4 4. d4 g6 ({10:-0.91} 
4... g6 5. d5 Nb8 6. Qd4 Nh6 7. Bd3 Nf5 8. Bxf5 gxf5 9. e6 Rg8 10. exf7+ 10...
Kxf7 $16) ({10:-0.68} 4... d6 5. h3 Nh6 6. Bb5 Bd7 7. exd6 cxd6 8. Bxh6 gxh6 9.
d5 Ne5 10. Bxd7+ Qxd7 11. O-O $14) 5. d5 Nb8 6. Qd4 f5 ({8:-1.21} 6... f5 7. h3
Nh6 8. e6 Rg8 9. Qh4 g5 10. Bxg5 $16) ({8:-0.97} 6... Nh6 7. Bd3 Nf5 8. Qe4 a6
9. O-O c6 10. dxc6 10... Nxc6 $16) 7. h3 Nh6 ({9:-1.87} 7... Nh6 8. e6 Rg8 9.
Qh4 Bg7 10. Nc3 dxe6 11. Bxh6 Bxc3+ 12. bxc3 12... exd5 $18) ({9:-1.74} 7... c5
8. Qxc5 Nh6 9. Nc3 b6 10. Qd4 Nf7 11. Bb5 11... Na6 $18) 8. e6 Rg8 9. Qh4 Bg7 (
{9:-3.60} 9... Bg7 10. Bxh6 dxe6 11. Bxg7 Rxg7 12. Qd4 Rg8 13. dxe6 Bxe6 14.
Qxd8+ Kxd8 15. Ng5 Bd5 16. Nxh7 $18) ({9:-1.92} 9... f4 10. Bxf4 Nf5 11. Qxh7
Rg7 12. exd7+ Qxd7 13. Qh8 Qxd5 14. Bxc7 14... Nc6 $18) 10. Bxh6 dxe6 11. Bxg7
Rxg7 12. Qd4 Rg8 ({9:-3.98} 12... Rg8 13. Nc3 Qd6 14. Nb5 Qd7 15. Nxa7 exd5 16.
Bb5 c6 17. Nxc8 17... Qxc8 $18) ({9:-3.78} 12... Kf8 13. dxe6 Nc6 14. Qxd8+
Nxd8 15. Nc3 c6 16. O-O-O Bxe6 17. Ng5 Bf7 18. Rd7 18... e5 $18) 13. Nc3 Qd6 ({
8:-4.36} 13... Qd6 14. Nb5 Qd7 15. Ng5 exd5 16. Qxd5 Rg7 17. Qxd7+ Kxd7 18.
O-O-O+ Kc6 19. Bc4 $18) ({8:-3.99} 13... Qd7 14. O-O-O exd5 15. Qxd5 e6 16. Qc5
Qg7 17. Ne5 Qh6+ 18. Kb1 18... Qf4 $18) 14. Nb5 Qd7 15. Ne5 Qd8 16. O-O-O Na6
17. Bc4 h5 18. Qc3 c6 19. dxc6 Qb6 20. c7 Bd7 21. Qd2 Nc5 22. b4 Qa6 23. bxc5
Qc6 24. Qh6 Qxg2 25. Qh7 Qg5+ 26. Kb1 Qc1+ 27. Kxc1 Rg7 28. Qh8+ Rg8 29. Qxg8#
1-0

[Event "ICS rated blitz match"]
[Site "207.99.5.190"]
[Date "1999.03.09"]
[Round "?"]
[White "Fallen-Star"]
[Black "Hossa"]
[Result "1-0"]
[WhiteElo "2369"]
[BlackElo "2412"]
[Annotator "Crafty v16.5"]
[PlyCount "54"]

{annotating for player Hossa using a scoring margin of +0.10 pawns. search
time limit is 20.00} 1. d4 1... Nf6 2. Nf3 e6 3. Bg5 Bb4+ 4. c3 Be7 5. Nbd2 d5
({9:-0.46} 5... d5 6. e3 O-O 7. Bd3 Nc6 8. O-O Ng4 9. Bxe7 Qxe7 10. Qc2 $14) ({
9:-0.25} 5... O-O 6. Qc2 Nc6 7. O-O-O Ng4 8. Be3 e5 9. d5 Nxe3 10. fxe3 $10) 6.
e3 b6 ({9:-0.73} 6... b6 7. Ne5 Nfd7 8. Bxe7 Qxe7 9. Bb5 a6 10. Qa4 O-O 11.
O-O-O Nxe5 12. dxe5 $16) ({9:-0.35} 6... Nbd7 7. Bd3 c5 8. O-O cxd4 9. exd4 O-O
10. Qe2 Ng4 11. Bf4 $14) 7. Ne5 O-O ({9:-0.86} 7... O-O 8. f4 c5 9. Bd3 h6 10.
Bxf6 Bxf6 11. Qh5 cxd4 12. cxd4 12... a6 $16) ({9:-0.65} 7... Nfd7 8. Bxe7 Qxe7
9. Nxd7 Nxd7 10. Bb5 Bb7 11. Qg4 f6 12. Qh5+ g6 13. Qe2 $14) 8. Bd3 Bb7 ({
9:-0.88} 8... Bb7 9. O-O h6 10. Bxf6 Bxf6 11. Ng4 c5 12. Nxf6+ Qxf6 13. f4 Qe7
14. g3 $16) ({9:-0.58} 8... Nfd7 9. Nxd7 Nxd7 10. Bxe7 Qxe7 11. O-O e5 12. Qh5
h6 13. Nf3 exd4 14. Qxd5 $14) 9. f4 c5 10. Qf3 cxd4 11. exd4 Nc6 12. O-O Rc8
13. Rae1 Rc7 14. Qh3 h6 15. Bxh6 gxh6 16. Qxh6 Bd6 17. Re3 Nxe5 18. fxe5 Ne4
19. Nxe4 f6 20. Nxf6+ Rxf6 21. exf6 Bc6 22. f7+ Rxf7 23. Rxf7 Bxh2+ 24. Kxh2
Kxf7 25. Qxe6+ Kf8 26. Rf3+ Qf6 27. Rxf6+ Kg7 1-0

[Event "ICS rated blitz match"]
[Site "207.99.5.190"]
[Date "1999.03.09"]
[Round "?"]
[White "Hossa"]
[Black "Fallen-Star"]
[Result "0-1"]
[WhiteElo "2394"]
[BlackElo "2360"]
[Annotator "Crafty v16.5"]
[PlyCount "61"]

{annotating for player Hossa using a scoring margin of +0.10 pawns. search
time limit is 20.00} 1. e4 1... Nf6 2. e5 Nd5 3. Nc3 Nxc3 4. dxc3 d5 5. Bf4 g6
6. Qf3 c6 7. O-O-O Qa5 8. Kb1 Bg7 9. a3 ({8:-0.12} 9. a3 9... Be6 10. Qe3 Nd7
11. Nf3 O-O-O 12. Bd3 12... Qc5 $10) ({8:+0.42} 9. Nh3 9... O-O 10. Ng5 Na6 11.
c4 h6 12. Nh3 12... Be6 $14) 9... O-O 10. Ne2 ({9:-0.20} 10. Ne2 10... Be6 11.
Nd4 Nd7 12. Nxe6 fxe6 13. Qg3 Qc7 14. Qg4 14... Nc5 $10) ({9:-0.09} 10. Qe3
10... Be6 11. Nf3 Nd7 12. Be2 Qc7 13. Bd3 c5 14. Rhe1 $10) 10... Na6 11. h4 b5
12. h5 Nc5 13. h6 ({9:+0.67} 13. h6 13... Bh8 14. b4 Qxa3 15. bxc5 Qxc5 16. Nd4
Be6 17. Nxe6 17... fxe6 $14) ({9:+0.95} 13. b4 13... Qxa3 14. bxc5 Qxc5 15. Nd4
a5 16. hxg6 fxg6 17. Nb3 17... Qa3 $16) 13... Bh8 14. b4 Qxa3 15. bxc5 Rb8 16.
e6 Rb7 17. exf7+ Rxf7 18. Bc1 Qa4 19. Qe3 b4 20. Bb2 bxc3 21. Nxc3 Qa3 22. Bb5
Rxb5 23. Kc1 Qxb2+ 24. Kd2 d4 25. Qd3 Qxc3+ 26. Qxc3 dxc3+ 27. Ke3 Rxc5 28.
Rd8+ Rf8 29. Rxf8+ Kxf8 30. Ra1 a5 31. Rb1 0-1

[Event "ICS rated bullet match"]
[Site "207.99.5.190"]
[Date "1999.03.09"]
[Round "?"]
[White "Hossa"]
[Black "Tomo"]
[Result "1-0"]
[WhiteElo "2410"]
[BlackElo "2152"]
[PlyCount "55"]

1. e4 c5 2. Bc4 e6 3. Nc3 a6 4. d3 Nc6 5. Nf3 d6 6. O-O Nf6 7. d4 cxd4 8. Nxd4
Be7 9. Nxc6 bxc6 10. Be3 O-O 11. Qe2 Bb7 12. Rad1 Qc7 13. a4 d5 14. exd5 cxd5
15. Bd3 Rac8 16. Bxa6 Bxa6 17. Qxa6 Qc4 18. Qxc4 Rxc4 19. Bd4 Rfc8 20. a5 Bb4
21. a6 Bxc3 22. bxc3 Ra8 23. a7 Ne4 24. Rb1 Rcc8 25. Rb7 Nxc3 26. Bxc3 Rxc3 27.
Rb8+ Rc8 28. Rfb1 {Tomo resigns} 1-0

[Event "ICS rated bullet match"]
[Site "207.99.5.190"]
[Date "1999.03.09"]
[Round "?"]
[White "Tomo"]
[Black "Hossa"]
[Result "0-1"]
[WhiteElo "2146"]
[BlackElo "2416"]
[PlyCount "126"]

1. e4 e5 2. Nf3 Nc6 3. Bc4 Bc5 4. c3 Nf6 5. b4 Bb6 6. d3 d6 7. a4 Ng4 8. O-O
O-O 9. a5 Bxf2+ 10. Rxf2 Nxf2 11. Kxf2 Be6 12. Bxe6 fxe6 13. Kg1 Qd7 14. Be3
Rf6 15. Nbd2 Raf8 16. Qe2 Ne7 17. Rf1 Ng6 18. Ne1 Rxf1+ 19. Nxf1 Qc6 20. Qd2
Ne7 21. Nf3 Nc8 22. Ng3 Qd7 23. h3 Qa4 24. Kh2 Qa1 25. Qe1 Qa2 26. Qd2 Qb1 27.
Ne2 b6 28. axb6 axb6 29. c4 Ne7 30. b5 Ng6 31. Ng3 Ra8 32. Qe2 Ra3 33. Qf1 Qxd3
34. Qxd3 Rxd3 35. Nf1 Rc3 36. N3d2 Kf7 37. Kg1 d5 38. exd5 exd5 39. cxd5 Rd3
40. Kf2 Rxd5 41. Ke2 Rxb5 42. g4 Nf4+ 43. Bxf4 exf4 44. Kf3 g5 45. h4 h6 46.
hxg5 hxg5 47. Ne4 Rd5 48. Nfd2 c6 49. Ke2 Kg7 50. Nf3 Kg6 51. Nc3 Rc5 52. Ne4
Ra5 53. Kd3 Ra3+ 54. Nc3 c5 55. Ne5+ Kg7 56. Nc4 Rb3 57. Nd2 Rb2 58. Nc4 Rb4
59. Nd5 b5 60. Nxb4 bxc4+ 61. Kxc4 cxb4 62. Kxb4 f3 63. Kc3 63... f2 {
Tomo resigns} 0-1

[Event "ICS rated blitz match"]
[Site "207.99.5.190"]
[Date "1999.03.09"]
[Round "?"]
[White "Hossa"]
[Black "Fallen-Star"]
[Result "1-0"]
[WhiteElo "2376"]
[BlackElo "2416"]
[PlyCount "43"]

1. e4 Nf6 2. e5 Nd5 3. Nc3 Nxc3 4. dxc3 d5 5. Bf4 g6 6. Qf3 Bg7 7. O-O-O c6 8.
c4 Qa5 9. Qb3 dxc4 10. Bxc4 O-O 11. e6 fxe6 12. Bxe6+ Bxe6 13. Qxe6+ Kh8 14.
Be3 Na6 15. c3 Nc5 16. Qxe7 Na4 17. Rd7 Qe5 18. Qxe5 Bxe5 19. h4 b5 20. h5 g5
21. Nf3 Bf4 22. Bxf4 {Fallen-Star resigns} 1-0

[Event "ICS rated blitz match"]
[Site "207.99.5.190"]
[Date "1999.03.09"]
[Round "?"]
[White "Hossa"]
[Black "Fallen-Star"]
[Result "1/2-1/2"]
[WhiteElo "2410"]
[BlackElo "2382"]
[PlyCount "85"]

1. e4 c5 2. Bc4 Nc6 3. Nf3 e6 4. O-O a6 5. d4 b5 6. Be2 cxd4 7. Nxd4 Qc7 8. Be3
Bb7 9. Nf3 Nf6 10. Nbd2 Be7 11. c4 b4 12. Qb3 O-O 13. Rfd1 a5 14. a3 a4 15. Qd3
b3 16. c5 Ng4 17. Nc4 Nxe3 18. Qxe3 Ba6 19. Nb6 Bxe2 20. Nxa8 Rxa8 21. Qxe2 Bf6
22. Rd2 Ne5 23. Nxe5 Bxe5 24. Kh1 Qxc5 25. Rxd7 g6 26. Rad1 Rc8 27. Rd8+ Kg7
28. Rxc8 Qxc8 29. Qb5 Qc7 30. Re1 Bxb2 31. Qxa4 Qc3 32. Qb4 Qc2 33. Rf1 Bc3 34.
Qb5 b2 35. f3 Bd2 36. Qe5+ f6 37. Qxe6 b1=Q 38. Qd7+ Kh6 39. Qh3+ Kg7 40. Qd7+
Kf8 41. Qd8+ Kf7 42. Qd7+ Kf8 43. Qd8+ {Game drawn by mutual agreement} 1/2-1/2

[Event "ICS rated blitz match"]
[Site "207.99.5.190"]
[Date "1999.03.09"]
[Round "?"]
[White "Fallen-Star"]
[Black "Hossa"]
[Result "0-1"]
[WhiteElo "2383"]
[BlackElo "2409"]
[PlyCount "96"]

1. d4 Nf6 2. Nf3 e6 3. Bg5 Bb4+ 4. Nbd2 O-O 5. c3 Be7 6. e4 d5 7. e5 Ne4 8.
Bxe7 Qxe7 9. Bd3 Nxd2 10. Qxd2 Nc6 11. O-O h6 12. Rae1 a5 13. Kh1 Bd7 14. Rg1
Rae8 15. g4 a4 16. g5 hxg5 17. Rxg5 f6 18. exf6 Qxf6 19. Rg3 e5 20. Reg1 Re7
21. dxe5 Nxe5 22. Nxe5 Rxe5 23. f4 Re7 24. f5 Bxf5 25. Bxf5 Qxf5 26. Qg2 Qe4
27. Qxe4 dxe4 28. Re3 Rf2 29. b3 Rxa2 30. bxa4 Rxa4 31. Rb1 b6 32. Kg2 Kf7 33.
Kg3 Rc4 34. Kf4 Kf6 35. h4 Rc5 36. Rb4 g6 37. Rd4 Rh5 38. Kg4 Reh7 39. Rdxe4
Rxh4+ 40. Kg3 Rh3+ 41. Kg2 Rxe3 42. Rxe3 Rh4 43. Kg3 g5 44. Rd3 Ke5 45. Rd7 Rc4
46. Rg7 Rxc3+ 47. Kg4 Kd5 48. Kxg5 48... Rg3+ {Fallen-Star resigns} 0-1

[Event "ICS rated blitz match"]
[Site "207.99.5.190"]
[Date "1999.03.09"]
[Round "?"]
[White "Hossa"]
[Black "Fallen-Star"]
[Result "1-0"]
[WhiteElo "2438"]
[BlackElo "2361"]
[PlyCount "49"]

1. e4 c5 2. Bc4 a6 3. Nc3 e6 4. d3 b5 5. Bb3 Bb7 6. Nf3 Qc7 7. O-O Nc6 8. Bg5
h6 9. Bh4 Bd6 10. Rc1 Nge7 11. Bg3 Bxg3 12. fxg3 O-O 13. Ne2 Na5 14. Nf4 Nxb3
15. cxb3 Qb6 16. Rf2 d5 17. e5 d4 18. Nd2 Nf5 19. Qh5 Rac8 20. g4 Ne3 21. g5
hxg5 22. Qxg5 f6 23. exf6 Rxf6 24. Nf1 c4 25. Nh5 {Fallen-Star resigns} 1-0

[Event "ICS rated standard match"]
[Site "207.99.5.190"]
[Date "1999.03.09"]
[Round "?"]
[White "Hossa"]
[Black "Kind-Bishop"]
[Result "1-0"]
[WhiteElo "2169"]
[BlackElo "1938"]
[PlyCount "55"]

1. e4 e5 2. Nf3 Nc6 3. Bc4 Nf6 4. Ng5 Bc5 5. Nxf7 Bxf2+ 6. Kf1 Qe7 7. Nxh8 d5
8. exd5 Nd4 9. d6 cxd6 10. d3 Bg4 11. Qd2 d5 12. Bb3 Be2+ 13. Kxf2 Ng4+ 14. Ke1
Qf8 15. Ba4+ Kd8 16. Qg5+ Kc7 17. Be3 Ne6 18. Qh5 Nxe3 19. Qxe5+ Qd6 20. Qxe3
Bh5 21. Nc3 a6 22. Qg3 b5 23. Bxb5 Qxg3+ 24. hxg3 axb5 25. Nxb5+ Kc6 26. Rxh5
Rxh8 27. a4 Re8 28. Re5 {Kind-Bishop resigns} 1-0

[Event "ICS rated bullet match"]
[Site "207.99.5.190"]
[Date "1999.03.09"]
[Round "?"]
[White "Tomo"]
[Black "Hossa"]
[Result "0-1"]
[WhiteElo "2184"]
[BlackElo "2422"]
[PlyCount "76"]

1. e4 c5 2. Nf3 Nc6 3. d4 cxd4 4. Nxd4 Qa5+ 5. Bd2 Qe5 6. Nxc6 Qxe4+ 7. Be2
dxc6 8. O-O Bd7 9. Nc3 Qh4 10. Bf3 O-O-O 11. Re1 Nf6 12. Qe2 Qb4 13. a4 Qxb2
14. Reb1 Qxc2 15. Ra2 Qg6 16. Rab2 Bf5 17. Ra1 Rd3 18. a5 Nd7 19. a6 b6 20. Be3
Rxc3 21. Bxb6 Nxb6 22. Rxb6 Bd3 23. Qe5 Bxa6 24. Rbxa6 Qf6 25. Qe4 Qg6 26. Qb4
Qd3 27. Rxa7 Rb3 28. Qe1 c5 29. Ra8+ Rb8 30. Rxb8+ Kxb8 31. Qb1+ Qxb1+ 32.
Rxb1+ Kc7 33. Rb7+ Kd6 34. Kf1 c4 35. Ke2 g5 36. Kd2 Bg7 37. Kc2 Bd4 38. Rc7
38... Kxc7 {Tomo resigns} 0-1

[Event "ICS rated standard match"]
[Site "207.99.5.190"]
[Date "1999.03.09"]
[Round "?"]
[White "Emi-theGreat"]
[Black "Hossa"]
[Result "0-1"]
[WhiteElo "1894"]
[BlackElo "2176"]
[PlyCount "40"]

1. e4 e5 2. Nf3 Nc6 3. Bb5 a6 4. Ba4 b5 5. Bb3 Bc5 6. c3 Nf6 7. d4 exd4 8. cxd4
Bb4+ 9. Bd2 Nxe4 10. Bxb4 Nxb4 11. O-O O-O 12. Nc3 Bb7 13. d5 Nc5 14. a4 Re8
15. Nd4 bxa4 16. Nxa4 Nxa4 17. Rxa4 Nxd5 18. Qf3 Re5 19. Nf5 Qf6 20. g4 20...
Bc6 {Emi-theGreat resigns} 0-1

[Event "ICS rated standard match"]
[Site "207.99.5.190"]
[Date "1999.03.09"]
[Round "?"]
[White "Hossa"]
[Black "yourhighness"]
[Result "1-0"]
[WhiteElo "2181"]
[BlackElo "2025"]
[PlyCount "111"]

1. e4 e5 2. Nf3 d6 3. Be2 Nf6 4. Nc3 Nc6 5. d4 exd4 6. Nxd4 Bd7 7. Bf3 Be7 8.
Nxc6 Bxc6 9. O-O O-O 10. Qe2 Re8 11. a3 Bf8 12. Bg5 Qe7 13. Rae1 h6 14. Bf4 Qd7
15. e5 Qf5 16. Bxc6 bxc6 17. Bg3 Nh5 18. Qc4 Qxc2 19. exd6 cxd6 20. Qxc6 Nxg3
21. fxg3 Rxe1 22. Rxe1 Rb8 23. b4 Qd2 24. Rf1 Qe3+ 25. Kh1 Qe6 26. Nd5 Rc8 27.
Qb7 Rc2 28. a4 Rd2 29. Nf4 Qc4 30. Qf3 a5 31. bxa5 Qxa4 32. Nd5 f6 33. Ne3 Qb3
34. Qe4 Re2 35. Rf3 Qb5 36. h4 Re1+ 37. Kh2 Kf7 38. Qa8 Ra1 39. Qa7+ Kg8 40.
Rf5 Qe2 41. Qd4 Ra3 42. Qd5+ Kh7 43. Nc4 Ra2 44. h5 Be7 45. Rf4 Bd8 46. Rh4 Qf2
47. Nxd6 Rd2 48. Qe4+ f5 49. Nxf5 Qe2 50. Ne3+ Kh8 51. Qe8+ Kh7 52. Qg6+ Kh8
53. Re4 Qb5 54. Re8+ Qxe8 55. Qxe8+ Kh7 56. a6 {yourhighness resigns} 1-0

[Event "ICS rated blitz match"]
[Site "207.99.5.190"]
[Date "1999.03.09"]
[Round "?"]
[White "prili"]
[Black "Hossa"]
[Result "0-1"]
[WhiteElo "2168"]
[BlackElo "2451"]
[PlyCount "126"]

1. e4 e5 2. Nf3 Nc6 3. Bb5 a6 4. Bxc6 dxc6 5. Nc3 Bg4 6. h3 Bxf3 7. Qxf3 Nh6 8.
d3 Qf6 9. Qxf6 gxf6 10. Be3 O-O-O 11. O-O Rg8 12. Ne2 a5 13. Ng3 Rd7 14. Bxh6
Bxh6 15. Nf5 Bf4 16. Kh1 Bd2 17. Rad1 Bb4 18. Kh2 Bd6 19. Kh1 Bb4 20. f4 h5 21.
fxe5 fxe5 22. Rf3 Bc5 23. Rdf1 Rg6 24. Nh4 Rg7 25. Nf5 Rg6 26. Nh4 Rg7 27. Rf5
b6 28. Rxh5 Kb7 29. Nf5 Rg6 30. Rh7 Rf6 31. Rf3 Rd8 32. Nh4 Rxf3 33. Nxf3 f6
34. h4 Bf2 35. h5 Rf8 36. Kh2 a4 37. Kh3 Be3 38. g4 c5 39. Nh4 Bd4 40. b3 axb3
41. axb3 b5 42. Ng6 Ra8 43. Rf7 c4 44. dxc4 bxc4 45. h6 cxb3 46. cxb3 Ra3 47.
h7 Rxb3+ 48. Kh4 Bf2+ 49. Kh5 Rh3+ 50. Nh4 Rxh4+ 51. Kg6 Rxg4+ 52. Kxf6 Bh4+
53. Kf5 Rg5+ 54. Ke6 Rh5 55. Rg7 Rh6+ 56. Kf7 Bd8 57. Kg8 Bf6 58. Rf7 Rg6+ 59.
Kf8 Bh8 60. Re7 Rg4 61. Rd7 Rxe4 62. Kg8 Bf6 63. h8=Q 63... Rg4+ {prili resigns
} 0-1

[Event "ICS rated bullet match"]
[Site "207.99.5.190"]
[Date "1999.03.09"]
[Round "?"]
[White "Hossa"]
[Black "sienna"]
[Result "0-1"]
[WhiteElo "2428"]
[BlackElo "2842"]
[Annotator "Crafty v16.5"]
[PlyCount "114"]

{annotating for player Hossa using a scoring margin of +0.10 pawns. search
time limit is 20.00} 1. e4 1... c5 2. Bc4 e6 3. Nc3 Nc6 4. Nf3 d6 5. O-O ({
8:-0.17} 5. O-O 5... e5 6. d4 cxd4 7. Nd5 Bg4 8. h3 8... Na5 $10) ({8:+0.68} 5.
d4 5... cxd4 6. Nxd4 e5 7. Nxc6 bxc6 8. O-O c5 9. f4 f6 10. Bxg8 10... Rxg8 $14
) 5... Nf6 6. d4 cxd4 7. Nxd4 Be7 8. Bb5 ({8:+0.29} 8. Bb5 8... Bd7 9. Bg5 O-O
10. Nxc6 bxc6 11. Bc4 d5 12. exd5 12... cxd5 $10) ({8:+0.46} 8. Nxc6 8... bxc6
9. Qd3 O-O 10. Bg5 Ng4 11. Bf4 Ne5 12. Bxe5 12... dxe5 $14) 8... Bd7 9. Bxc6
bxc6 10. Re1 ({9:+0.02} 10. Re1 10... e5 11. Nf5 O-O 12. Qe2 c5 13. f4 Rb8 14.
fxe5 14... dxe5 $10) ({9:+0.15} 10. Bg5 10... O-O 11. Nb3 Qc7 12. Qd3 e5 13.
Rad1 c5 14. Bxf6 14... gxf6 $10) 10... O-O 11. e5 dxe5 12. Rxe5 ({10:-0.14} 12.
Rxe5 12... Nd5 13. Ne4 Qc7 14. Rh5 c5 15. Nf3 f6 16. Be3 16... Rad8 $10) ({
10:+0.04} 12. Nf3 12... Bb4 13. Nxe5 Bxc3 14. bxc3 c5 15. Bg5 Bb5 16. Qxd8
Rfxd8 17. Bxf6 gxf6 18. Rab1 fxe5 19. Rxb5 $10) 12... Qc7 13. Re1 Bd6 14. Nf3
Rab8 15. Qd2 Rfd8 16. Qg5 Nd5 17. Ne4 f6 18. Qh5 Nf4 19. Bxf4 Bxf4 20. Qg4 f5
21. Nf6+ Kf7 22. Qh4 gxf6 23. Qxh7+ Kf8 24. Qh8+ Ke7 25. Qg7+ Kd6 26. Rad1+ Kc5
27. Qxf6 Kb6 28. Ne5 Bxe5 29. Rxe5 Rf8 30. Qg7 Rg8 31. Qf6 Rbf8 32. Rxd7 Rxf6
33. Rxc7 Kxc7 34. f4 Kd6 35. h3 Rfg6 36. Re2 Kd5 37. a4 c5 38. a5 Kc4 39. a6
Rb8 40. b3+ Kc3 41. Kf2 Rb6 42. h4 Rxa6 43. Kf3 Ra2 44. h5 Rh6 45. Re3+ Kxc2
46. g4 Rb2 47. g5 Rxh5 48. Kf2 Kd1+ 49. Kg1 Rhh2 50. Rxe6 Rhg2+ 51. Kh1 Rge2
52. Rxe2 Kxe2 53. g6 Kf2 54. g7 Rb1+ 55. Kh2 Rg1 56. g8=Q Rxg8 57. b4 Rh8# 0-1

[Event "ICS rated standard match"]
[Site "207.99.5.190"]
[Date "1999.03.09"]
[Round "?"]
[White "RAGINGGOOSE"]
[Black "Hossa"]
[Result "0-1"]
[WhiteElo "1932"]
[BlackElo "2190"]
[PlyCount "58"]

1. e4 c5 2. Nf3 Nc6 3. d4 cxd4 4. Nxd4 Qa5+ 5. c3 Nf6 6. Nxc6 dxc6 7. f3 e6 8.
Bf4 Bd7 9. Bc4 O-O-O 10. b4 Qb6 11. a3 Nh5 12. Qd2 Nxf4 13. Qxf4 f6 14. Nd2 e5
15. Qg3 Qe3+ 16. Kd1 Be8 17. Be6+ Kb8 18. Ra2 Rd6 19. Qg4 c5 20. a4 Bxa4+ 21.
Kc1 Qxc3+ 22. Kb1 Qxb4+ 23. Rb2 Bc2+ 24. Ka1 Qa4+ 25. Ba2 Rxd2 26. Rc1 Qd4 27.
Bd5 Bb3 28. Rcb1 Qa4+ 29. Ra2 29... Qxa2# {RAGINGGOOSE checkmated} 0-1

[Event "ICS rated standard match"]
[Site "207.99.5.190"]
[Date "1999.03.09"]
[Round "?"]
[White "Shearoff"]
[Black "Hossa"]
[Result "0-1"]
[WhiteElo "1929"]
[BlackElo "2200"]
[PlyCount "110"]

1. e4 c5 2. Nf3 Nc6 3. d4 cxd4 4. Nxd4 Qa5+ 5. Nc3 a6 6. Nb3 Qd8 7. Be2 d6 8.
f4 Bd7 9. Be3 e6 10. O-O Rc8 11. Bf3 Nce7 12. Nd4 Nf6 13. Re1 b5 14. e5 dxe5
15. fxe5 Nfd5 16. Nxd5 Nxd5 17. Bxd5 exd5 18. Bf2 Be6 19. Nxe6 fxe6 20. Qg4 Qd7
21. c3 b4 22. cxb4 Rc4 23. Qh5+ g6 24. Qf3 Rxb4 25. Bh4 Rxb2 26. Rab1 Bc5+ 27.
Kh1 Bd4 28. Bf6 O-O 29. Qa3 Qb7 30. Rxb2 Bxb2 31. Rb1 Rb8 32. Qd6 Re8 33. Qa3
Bxa3 34. Rxb7 Bf8 35. h3 Rc8 36. Rb6 Kf7 37. Rxa6 Rc7 38. a4 h5 39. a5 Rc1+ 40.
Kh2 Bc5 41. Ra8 Bg1+ 42. Kg3 Rc3+ 43. Kf4 Be3+ 44. Kf3 Bg5+ 45. Ke2 Bxf6 46.
exf6 Kxf6 47. a6 Ke5 48. a7 Ra3 49. g4 h4 50. g5 d4 51. Kd2 Ke4 52. Kc2 d3+ 53.
Kd2 Ra2+ 54. Kd1 Ke3 55. Re8 55... Ra1# {Shearoff checkmated} 0-1

[Event "ICS rated bullet match"]
[Site "207.99.5.190"]
[Date "1999.03.09"]
[Round "?"]
[White "Hossa"]
[Black "WhiteHorse"]
[Result "1/2-1/2"]
[WhiteElo "2425"]
[BlackElo "2367"]
[PlyCount "51"]

1. e4 e5 2. Nf3 d6 3. Be2 c5 4. O-O Nc6 5. Nc3 Be7 6. Nd5 Be6 7. Bb5 Nf6 8.
Bxc6+ bxc6 9. Nxe7 Qxe7 10. d3 O-O 11. Qd2 Ne8 12. Ng5 Bd7 13. Qc3 f6 14. Qb3+
Kh8 15. Qb7 Rd8 16. Nf3 g6 17. Qxa7 Ng7 18. a3 d5 19. Be3 d4 20. Bh6 Ra8 21.
Qc7 Rfc8 22. Bxg7+ Kxg7 23. Qb7 Rcb8 24. Qc7 Rc8 25. Qb7 Rcb8 26. Qc7 {
Game drawn by mutual agreement} 1/2-1/2